Normal view
MARC view
- Belotserkovskii, O.M , Oparin, A.M , Chechetkin, V.M
Entry Personal Name
001 - CONTROL NUMBER
- control field: 63430
003 - CONTROL NUMBER IDENTIFIER
- control field: NUST
005 - DATE AND TIME OF LATEST TRANSACTION
- control field: 20210628203123.0
008 - FIXED-LENGTH DATA ELEMENTS
- fixed length control field: 210628|| aca||aabn | a|a d
040 ## - CATALOGING SOURCE
- Original cataloging agency: NUST
- Transcribing agency: NUST
100 ## - HEADING--PERSONAL NAME
- Personal name: Belotserkovskii, O.M , Oparin, A.M , Chechetkin, V.M
670 ## - SOURCE DATA FOUND
- Source citation: Work cat.: (NUST): Belotserkovskii, O.M , Oparin, A.M , Chechetkin, V.M, Turbulence , new approaches, 2008
